[Event "August Kuemmel Memorial 31st"]
[Site "Darmstadt"]
[Date "1998.04.30"]
[Round "2"]
[White "Spaet, Robert"]
[Black "Lehmann, Ralf"]
[Result "0-1"]
[WhiteElo "1401"]
[BlackElo "1647"]
[PlyCount "50"]
[EventDate "1998.04.16"]
[EventType "swiss"]
[EventRounds "7"]
[EventCountry "GER"]
[SourceTitle "EXT 2007"]
[Source "ChessBase"]
[SourceDate "2006.11.23"]
[SourceVersion "1"]
[SourceVersionDate "2006.11.23"]
[SourceQuality "1"]

1. e4 e5 2. Nf3 Nc6 3. d3 Nf6 4. Bg5 Be7 5. Nbd2 d5 6. exd5 Qxd5 7. Qe2 0-0 8. Nc4 Bg4 9. Ne3 Qa5+ 10. Qd2 Bxf3 11. Qxa5 Nxa5 12. gxf3 Rfe8 13. Nf5 Nd5 14. Bd2 Nc6 15. 0-0-0 Nd4 16. Nxd4 exd4 17. Bh3 Bh4 18. Rhf1 Re2 19. Be1 Rae8 20. Bf5 Nf4 21. Be4 Ng2 22. h3 f5 23. Rd2 Rxe1+ 24. Rxe1 Nxe1 25. Bxb7 Bg5 0-1